Problemas fundamentales de la universidad contemporánea
Guardat en:
| Autor principal: | |
|---|---|
| Format: | Llibre |
| Idioma: | espanyol |
| Publicat: |
Santiago, Chile
Corporación de Promoción Universitaria
1980
|
| Col·lecció: | Diálogos Universitarios
|
| Matèries: | |
| Etiquetes: |
Afegir etiqueta
Sense etiquetes, Sigues el primer a etiquetar aquest registre!
|
MARC
| LEADER | 00000cam a2200000 a 4500 | ||
|---|---|---|---|
| 001 | UCO7627 | ||
| 003 | CL-VaPUC | ||
| 005 | 20220112180218.0 | ||
| 008 | 001117e19800000CL |||||||||||||||||spa|d | ||
| 999 | |c 292515 |d 292513 | ||
| 040 | |c Pontificia Universidad Católica de Valparaíso | ||
| 082 | 0 | 4 | |a 378.001 MIL 1980 |2 21 |
| 100 | |a Millas Jiménez, Jorge |e autor |9 600017 | ||
| 245 | 1 | 0 | |a Problemas fundamentales de la universidad contemporánea |
| 260 | 0 | 3 | |a Santiago, Chile |b Corporación de Promoción Universitaria |c 1980 |
| 300 | |a 24 páginas | ||
| 490 | 0 | |a Diálogos Universitarios | |
| 500 | |a Donación del profesor Manfred Wilhelmy von Wolff | ||
| 583 | |a last modification |c 20120302 08:55:31 |k Rodrigo Vera | ||
| 650 | 0 | |a Educación superior |9 223851 | |
| 650 | 0 | |a Universidades |9 256317 | |
| 650 | 7 | |a EDUCACION Y POLITICA |2 CL-VaPUC |9 452218 | |
| 650 | 0 | |a Acceso a la educación |9 329377 | |
| 942 | |c BK |2 ddc | ||
| 945 | |d 20001117 00:00:00 |a crobeson | ||
| 952 | |0 0 |1 0 |2 ddc |4 0 |6 378_001000000000000_MIL_1980 |7 0 |8 A |9 343434 |a BIBHIS |b BIBHIS |d 2019-11-20 |i 1229060 |o 378.001 MIL 1980 |p 1229060 |r 2025-01-20 |t 1 |w 2019-11-20 |y BK |k HIS | ||
| 952 | |0 0 |1 0 |2 ddc |4 0 |6 378_001000000000000_MIL_1980 |7 0 |8 P |9 343435 |a BIBEDU |b BIBEDU |c BIBEDU_PB |d 2019-11-20 |i 4837630 |o 378.001 MIL 1980 |p 4837630 |r 2024-01-25 |t 2 |w 2019-11-20 |y BK |k EBA | ||